Guías

Збережено в:
Бібліографічні деталі
Співавтор: Comisión Nacional Rama Guía (Автор)
Формат: Книга
Мова:Іспанська
Опубліковано: Santiago Guías y Scouts de Chile 1997
Серія:Serie Método y Programa
Предмети:
Теги: Додати тег
Немає тегів, Будьте першим, хто поставить тег для цього запису!

MARC

LEADER 00000nam a2200000 a 4500
001 UCR7313
003 CL-VaPUC
008 980514e19970000CL |||||||||||||||||spa|d
082 0 4 |a 369.43  |b COM  |2 21 
110 2 |a Comisión Nacional Rama Guía  |e author  |9 408649 
245 1 0 |a Guías 
300 |a 133 p 
942 |c BK 
945 |d 19980514 00:00:00  |a mvenant 
260 |a Santiago  |b Guías y Scouts de Chile  |c 1997 
650 7 |a BOYS SCOUTS  |2 CL-VaPUC  |9 408650 
650 7 |a CLUBES JUVENILES  |2 CL-VaPUC  |9 408651 
651 7 |a CHILE  |2 CL-VaPUC  |9 408652 
583 |a last modification  |c 19980514 00:00:00  |k Rodrigo Vera 
490 0 |a Serie Método y Programa 
999 |c 269041  |d 269039 
952 |0 0  |1 0  |4 0  |6 369_430000000000000_COM_1997  |7 0  |8 A  |9 302629  |a BIBEDU  |b BIBEDU  |d 2019-11-20  |i 3425304  |o 369.43 COM 1997  |p 3425304  |r 2019-11-20  |w 2019-11-20  |y BK  |k EPE